|
|
|
|
| LEADER |
03391nam a2200457 a 4500 |
| 001 |
1162282 |
| 008 |
100513r20081997njua b 001 0 eng d |
| 010 |
|
|
|a 96019945
|
| 020 |
|
|
|a 9788120312463
|
| 020 |
|
|
|a 0138147574
|
| 040 |
|
|
|a DLC
|c DLC
|d DLC
|d BD-DhAAL
|
| 082 |
0 |
0 |
|a 621.382/23
|2 20
|
| 100 |
1 |
|
|a Oppenheim, Alan V.,
|d 1937-
|
| 245 |
1 |
0 |
|a Signals & systems /
|c Alan V. Oppenheim, Alan S. Willsky, with S. Hamid Nawab.
|
| 246 |
3 |
|
|a Signals and systems
|
| 250 |
|
|
|a 2nd ed.
|
| 260 |
|
|
|a Upper Saddle River, N.J. :
|b Prentice Hall ;
|a New Delhi :
|b PHI Learining,
|c c1997.[Reprinted 2008]
|
| 300 |
|
|
|a xxx, 957 p. :
|b ill. ;
|c 25 cm.
|
| 490 |
0 |
|
|a Prentice-Hall signal processing series
|
| 504 |
|
|
|a Includes bibliographical references (p. 921-929) and index.
|
| 541 |
1 |
|
|e 00018020
|
| 650 |
|
0 |
|a System analysis.
|
| 650 |
|
0 |
|a Signal theory (Telecommunication)
|
| 700 |
1 |
|
|a Willsky, Alan S.
|
| 700 |
1 |
|
|a Nawab, Syed Hamid.
|
| 852 |
4 |
|
|a Ayesha Abed Library
|j General shelf
|
| 942 |
0 |
0 |
|0 1
|
| 999 |
|
|
|c 8569
|d 8569
|
| 952 |
|
|
|0 0
|1 0
|2 ddc
|4 0
|6 621_382230000000000_OPP_2008
|7 0
|9 10189
|a BRACUL
|b BRACUL
|c GEN
|d 2010-05-16
|l 15
|m 127
|o 621.38223 OPP
|p 3010018020
|r 2026-02-22
|s 2026-02-01
|t 1
|w 2010-05-16
|y BK
|
| 952 |
|
|
|0 0
|1 4
|2 ddc
|4 0
|6 621_382230000000000_OPP
|7 0
|9 12838
|a BRACUL
|b BRACUL
|c GEN
|d 2010-10-30
|l 0
|o 621.38223 OPP
|p 3010018019
|r 2010-10-30
|t 2
|w 2010-10-30
|y BK
|x Koha Inventory 2020
|
| 952 |
|
|
|0 0
|1 0
|2 ddc
|4 0
|6 621_382230000000000_OPP_2005
|7 0
|9 12857
|a BRACUL
|b BRACUL
|c GEN
|d 2010-10-30
|l 14
|m 112
|o 621.38223 OPP
|p 3010015022
|r 2026-03-08
|s 2026-02-22
|t 3
|w 2010-10-30
|y BK
|
| 952 |
|
|
|0 0
|1 0
|2 ddc
|4 0
|6 621_382230000000000_OPP_2001
|7 0
|9 12858
|a BRACUL
|b BRACUL
|c GEN
|d 2010-10-30
|l 13
|m 77
|o 621.38223 OPP
|p 3010006826
|r 2026-03-01
|s 2026-02-22
|t 4
|w 2010-10-30
|y BK
|
| 952 |
|
|
|0 0
|1 0
|2 ddc
|4 0
|6 621_382230000000000_OPP_2005
|7 0
|9 12859
|a BRACUL
|b BRACUL
|c GEN
|d 2010-10-30
|l 15
|m 142
|o 621.38223 OPP
|p 3010015020
|r 2026-05-14
|s 2026-02-19
|t 5
|w 2010-10-30
|y BK
|
| 952 |
|
|
|0 0
|1 0
|2 ddc
|4 0
|6 621_382230000000000_OPP_2005
|7 0
|9 12860
|a BRACUL
|b BRACUL
|c GEN
|d 2010-10-30
|l 12
|m 111
|o 621.38223 OPP
|p 3010015021
|r 2026-03-29
|s 2026-02-23
|t 6
|w 2010-10-30
|y BK
|
| 952 |
|
|
|0 0
|1 0
|2 ddc
|4 0
|6 621_382230000000000_OPP
|7 0
|9 12861
|a BRACUL
|b BRACUL
|c GEN
|d 2010-10-30
|g 350.00
|l 9
|m 82
|o 621.38223 OPP
|p 3010012344
|r 2024-05-13
|s 2024-01-22
|t 7
|w 2010-10-30
|y BK
|
| 952 |
|
|
|0 0
|1 4
|2 ddc
|4 0
|6 621_382230000000000_OPP
|7 0
|9 12862
|a BRACUL
|b BRACUL
|c GEN
|d 2010-10-30
|l 0
|o 621.38223 OPP
|p 3010018017
|r 2010-10-30
|t 8
|w 2010-10-30
|y BK
|x Koha Inventory 2020
|
| 952 |
|
|
|0 0
|1 0
|2 ddc
|4 0
|6 621_382230000000000_OPP_2008
|7 0
|9 12863
|a BRACUL
|b BRACUL
|c GEN
|d 2010-10-30
|l 25
|m 209
|o 621.38223 OPP
|p 3010015019
|q 2026-06-02
|r 2026-02-17
|s 2026-02-17
|t 9
|w 2010-10-30
|y BK
|
| 952 |
|
|
|0 0
|1 0
|2 ddc
|4 0
|6 621_382230000000000_OPP
|7 0
|9 12864
|a BRACUL
|b BRACUL
|c GEN
|d 2010-10-30
|g 350.00
|l 3
|m 36
|o 621.38223 OPP
|p 3010012305
|r 2024-06-08
|s 2024-01-21
|t 10
|w 2010-10-30
|y BK
|
| 952 |
|
|
|0 0
|1 0
|2 ddc
|4 0
|6 621_382230000000000_OPP_1998
|7 0
|9 12865
|a BRACUL
|b BRACUL
|c GEN
|d 2010-10-30
|l 4
|m 31
|o 621.38223 OPP
|p 3010006825
|r 2023-09-24
|s 2023-06-05
|t 11
|w 2010-10-30
|y BK
|
| 952 |
|
|
|0 0
|1 0
|2 ddc
|4 0
|6 621_382230000000000_OPP
|7 0
|9 12866
|a BRACUL
|b BRACUL
|c GEN
|d 2010-10-30
|g 350.00
|l 5
|m 20
|o 621.38223 OPP
|p 3010012291
|r 2024-02-29
|s 2024-02-13
|t 12
|w 2010-10-30
|y BK
|
| 952 |
|
|
|0 0
|1 0
|2 ddc
|4 0
|6 621_382230000000000_OPP_2008
|7 0
|9 12867
|a BRACUL
|b BRACUL
|c GEN
|d 2010-10-30
|l 14
|m 92
|o 621.38223 OPP
|p 3010018018
|q 2026-06-02
|r 2026-01-31
|s 2026-01-31
|t 13
|w 2010-10-30
|y BK
|